banner-ar

UNDERSANDING RESEARCH IN SECOND LANGUAGE LEARNING / (Record no. 18124)

MARC details
000 -الفاتح
حقل البيانات ثابتة الطول 00493nam a2200169Ia 4500
008 - عناصر البيانات ثابتة الطول - معلومات عامة
حقل البيانات ثابتة الطول 140319s9999 xx 000 0 eng d
040 ## - مصدر الفهرسة
وكالة الفهرسة الأصلية GCL /
وكالة النسخ GCL
082 04 - رقم تصنيف ديوى العشرى
رقم التصنيف 418.0021
رقم المادة B U
100 1# - المدخل الرئيسى - إسم شخصى
الإسم الشخصى BROWN, JAMES DEAN
245 10 - بيان العنوان
العنوان UNDERSANDING RESEARCH IN SECOND LANGUAGE LEARNING /
بيان المسئوليه,etc BROWN, JAMES DEAN
260 ## - PUBLICATION, DISTRIBUTION, ETC. (IMPRINT)
تاريخ النشر أو التوزيع 1988
300 ## - الوصف المادى
التعداد 219 P
650 04 - المدخل الاضافى بالموضوع-مصطلح موضوعى
مصطلح موضوعي SECOND LANGUAGE ACQUISITION
650 04 - المدخل الاضافى بالموضوع-مصطلح موضوعى
مصطلح موضوعي STATISTICAL METHODS
942 ## - عناصر المدخل الإضافي( كوها)
مصدر التصنيف او مخطط الترفيف Dewey Decimal Classification
Koha [default] item type كتاب
260 ## - PUBLICATION, DISTRIBUTION, ETC. (IMPRINT)
-- [S.N] :
-- CAMBRIBGE UNIVERSITY PRESS ،
Holdings
حالة التراجع حالة الفقد حالة تلف ليس للاعارة المكان المؤقت الموقع الحالى تاريخ الاكتساب اجمالي اﻻعارات رقم الطلب الباركود تاريخ اخر مشاهدة تاريخ تفعيل السعر نوع وعاء كوها
        مكتبة القاهرة الكبرى مكتبة القاهرة الكبرى 03/26/2014   418.0021\B U 33156 03/26/2014 03/26/2014 كتاب

Powered By

EGPV